[Event "FSGM March"]
[Site "Budapest HUN"]
[Date "2005.03.06"]
[Round "2"]
[White "Szeberenyi,A"]
[Black "Lagowski,P"]
[Result "0-1"]
[WhiteElo "2357"]
[BlackElo "2389"]

1.d4 Nf6 2.c4 e6 3.Nf3 b6 4.a3 Ba6 5.Qb3 c5 6.d5 exd5 7.cxd5 d6 8.Nc3 Be7
9.Qa4+ Qd7 10.Qxd7+ Nbxd7 11.e4 Bxf1 12.Kxf1 a6 13.g3 b5 14.Kg2 O-O 15.Re1 Rfe8
16.Bf4 b4 17.axb4 cxb4 18.Na4 Bf8 19.Nd2 Rac8 20.Rac1 h6 21.h4 Rxc1 22.Rxc1 Nxe4
23.Nxe4 Rxe4 24.Rc8 Rd4 25.Rd8 b3 26.Rxd7 g5 27.hxg5 hxg5 28.Nb6 gxf4 29.Rd8 Kg7
30.gxf4 Rxf4 31.Re8 a5 32.Nd7 a4 33.Rxf8 a3 34.bxa3 Rb4 35.axb4 b2 36.b5 b1=Q
37.b6 Qb5 38.Rd8 Qxd5+ 39.Kf1 Qc6 40.f4 Qf3+ 41.Ke1 Qxf4 42.Rc8 Qh4+ 43.Kd2 Qg5+  0-1

[Event "FSGM March"]
[Site "Budapest HUN"]
[Date "2005.03.06"]
[Round "2"]
[White "Kallio,H"]
[Black "Papp,Ga"]
[Result "1-0"]
[WhiteElo "2469"]
[BlackElo "2477"]

1.c4 Nf6 2.d4 e6 3.Nf3 b6 4.a3 Bb7 5.Nc3 d5 6.cxd5 exd5 7.Bf4 a6 8.e3 Bd6
9.Bxd6 Qxd6 10.g3 Ne4 11.Bg2 Nd7 12.O-O O-O 13.Qc2 Rac8 14.Rfd1 Rfe8 15.b4 Qe7
16.Rac1 Ndf6 17.Qb2 c5 18.dxc5 bxc5 19.bxc5 Nxc5 20.Nd4 g6 21.Qa2 Red8 22.a4 Ba8
23.a5 Nfe4 24.Nxe4 dxe4 25.Qa3 Qe5 26.Bh3 Rc7 27.Qc3 Rd5 28.Qb2 Rb7 29.Qa3 Rb8
30.Rb1 Rbd8 31.Bf1 Nd3 32.f4 Qc7 33.Ra1 Rxd4 34.exd4 Qa7 35.Rxd3 exd3 36.Qxd3 Qb7
37.Qe3 Qh1+ 38.Kf2 Bc6 39.d5 Re8 40.Qf3 Qxf3+ 41.Kxf3 Bxd5+ 42.Kf2 Re6 43.Rc1 Be4
44.Rc7 Rd6 45.Ke3 f5 46.Bc4+ Kh8 47.g4 Bd5 48.Be2 fxg4 49.Bxg4 Bg2 50.Rc5 Bf1
51.Bf3 Kg7 52.Bd5 Bb5 53.Rc7+ Kh6 54.Bg8 Bd7 55.Bc4 g5 56.fxg5+ Kxg5 57.Ra7 Bb5
58.Bxb5 axb5 59.Rb7 Rd5 60.a6 Rd8 61.a7  1-0

[Event "FSGM March"]
[Site "Budapest HUN"]
[Date "2005.03.11"]
[Round "7"]
[White "Kuljasevic,D"]
[Black "Kallio,H"]
[Result "0-1"]
[WhiteElo "2401"]
[BlackElo "2469"]

1.d4 Nf6 2.Nf3 e6 3.c4 b6 4.a3 Bb7 5.Nc3 Ne4 6.Nxe4 Bxe4 7.e3 Qc8 8.Ng5 Bg6
9.Qf3 Nc6 10.h4 h5 11.Bd2 Qb7 12.Bc3 f6 13.d5 exd5 14.cxd5 Ne7 15.d6 Qxf3
16.Nxf3 cxd6 17.Nd4 a6 18.f3 d5 19.Bb4 Nc6 20.Bxf8 Rxf8 21.Rc1 Nxd4 22.exd4 Ke7
23.Kd2 Kd6 24.Be2 Rfe8 25.Rc3 Rec8 26.Rhc1 Rxc3 27.Rxc3 a5 28.Rb3 Rb8 29.a4 Bf5
30.Bd3 Bxd3 31.Kxd3 g5 32.g3 Ke6 33.Rb5 Kd6 34.Rb3 Kc6 35.Rc3+ Kb7 36.Ke3 Re8+
37.Kf2 Re6 38.hxg5 fxg5 39.Re3 Kc7 40.Re2 Kd8 41.Re3 Ke7 42.Rc3 g4 43.fxg4 hxg4
44.b4 axb4 45.Rb3 Kd6 46.Rxb4 Kc6 47.Rb3 Re4 48.Rc3+ Kb7 49.Rb3 Ka7 50.Rb4 Ka6
51.Kf1 Ka5 52.Rb5+ Kxa4 53.Rxb6 Rxd4 54.Ke2 Ka5 55.Rb7 d6 56.Ke3 Re4+ 57.Kd3 Rb4
58.Rg7 Kb6 59.Rg8 Kc7 60.Rg7+ Kc6 61.Ke3 Ra4 62.Rg8 Kd7 63.Rf8 Ke7 64.Rf4 Rc4
65.Rf5 Ke6 66.Rg5 Re4+ 67.Kd3 Ra4 68.Ke3 d4+ 69.Kd2 Ra2+ 70.Kd1 Rg2 71.Rxg4 Kd5
72.Rg8 Ke4 73.Ra8 Ke3 74.Re8+ Kd3 75.Kc1 Rg1+ 76.Kb2 Kd2 77.Re6 d5 78.Re5 d3
79.Rh5 Kd1  0-1

[Event "Sozina Open"]
[Site "Bar SCG"]
[Date "2005.03.12"]
[Round "9"]
[White "Kizov,A"]
[Black "Fedorchuk,S"]
[Result "1/2-1/2"]
[WhiteElo "2360"]
[BlackElo "2570"]

1.d4 Nf6 2.c4 e6 3.Nf3 b6 4.a3 Ba6 5.Qb3 Be7 6.Nc3 d5 7.cxd5 exd5 8.Bg5 c6
9.Bxf6 Bxf6 10.e3 Bxf1 11.Kxf1 Qc8 12.e4 dxe4 13.Nxe4 O-O 14.Rc1 Be7 15.Ne5 Qf5
16.Re1 Rd8 17.Ng3 Qe6 18.Qxe6 fxe6 19.Nf3 Kf7 20.Ne5+ Ke8 21.Nf3 Bf6 22.Ne4 Ke7
23.Neg5 Bxg5 24.Nxg5 Rd6 25.Nxh7 Rxd4 26.Ng5 Rd6 27.h4 Nd7 28.Rh3 e5 29.Rhe3 Rd2
30.b4 Rf8 31.Nf3 Ra2 32.Kg1 Kd6 33.Nxe5 Nxe5 34.Rxe5 Rfxf2 35.Re6+ Kd5 36.R1e5+ Kd4
37.Re4+ Kd5 38.R4e5+ Kd4 39.Re4+ Kd5 40.R4e5+  1/2-1/2

[Event "TCh-SWE Elitserien 2004-5"]
[Site "Malmo SWE"]
[Date "2005.03.12"]
[Round "10"]
[White "Niklasson,C"]
[Black "Lundin,An"]
[Result "1/2-1/2"]
[WhiteElo "2375"]
[BlackElo "2238"]

1.d4 Nf6 2.c4 e6 3.Nf3 b6 4.a3 d5 5.cxd5 exd5 6.Nc3 Be7 7.Qa4+ Bd7 8.Qc2 O-O
9.g3 c6 10.Bg2 Qc8 11.h3 Bf5 12.Qb3 Re8 13.Bf4 Ne4 14.Rc1 Qe6 15.Nxe4 Bxe4
16.O-O Nd7 17.Kh2 Bf6 18.Rfd1 h6  1/2-1/2

[Event "FSGM March"]
[Site "Budapest HUN"]
[Date "2005.03.13"]
[Round "9"]
[White "Kuljasevic,D"]
[Black "Porat,S"]
[Result "1/2-1/2"]
[WhiteElo "2401"]
[BlackElo "2395"]

1.d4 Nf6 2.Nf3 e6 3.c4 b6 4.a3 Bb7 5.Nc3 d5 6.cxd5 exd5 7.Qc2 Be7 8.Bf4 O-O
9.e3 Nbd7 10.Bd3 c5 11.O-O g6 12.Ne5 Nxe5 13.dxe5 Nh5 14.Bh6 Ng7 15.Rad1 Qc7
16.Qe2 Qxe5 17.f4 Qh5 18.Qxh5 gxh5 19.Be2 d4 20.exd4 cxd4 21.Nb5 Rfd8 22.Bg5 f6
23.Bc4+ Kh8 24.Rfe1 fxg5 25.Rxe7 Ba6 26.Bd3 Bxb5 27.Bxb5 Nf5 28.Re4 Rac8
29.fxg5 Rc2 30.Re2 Rxe2 31.Bxe2 Ne3 32.Rd2 h4 33.Kf2 Kg7 34.Bd3 Ng4+ 35.Kf3 Ne5+
36.Ke4 Nf7 37.Kf4 Rf8  1/2-1/2

[Event "TCh-SWE Elitserien 2004-5"]
[Site "Malmo SWE"]
[Date "2005.03.13"]
[Round "11"]
[White "Lundin,An"]
[Black "Schussler,H"]
[Result "1/2-1/2"]
[WhiteElo "2238"]
[BlackElo "2446"]

1.d4 e6 2.Nf3 Nf6 3.c4 b6 4.a3 d5 5.cxd5 exd5 6.Nc3 Be7 7.g3 O-O 8.Bg2 Bb7
9.O-O c5 10.Ne5 Nc6 11.Nxc6 Bxc6 12.dxc5 bxc5 13.Bg5 Rc8 14.Qc2 Qd7 15.Rfd1 d4
16.Bxc6 Qxc6 17.Bxf6 Bxf6 18.Ne4 Rfe8 19.Nxf6+  1/2-1/2

[Event "TCh-SWE Elitserien 2004-5"]
[Site "Malmo SWE"]
[Date "2005.03.13"]
[Round "11"]
[White "Niklasson,C"]
[Black "Akesson,R"]
[Result "1/2-1/2"]
[WhiteElo "2375"]
[BlackElo "2467"]

1.d4 Nf6 2.c4 e6 3.Nf3 b6 4.a3 Bb7 5.Nc3 d5 6.Bg5 Be7 7.Qa4+ c6 8.Bxf6 Bxf6
9.cxd5 exd5 10.g3 O-O 11.Bg2 Qe7 12.O-O Rd8 13.Rad1 Nd7 14.e3 c5 15.Rfe1 a6
16.Qc2 Rac8 17.Qb1 g6 18.e4 dxe4 19.Nxe4 Bxe4 20.Rxe4 Qf8 21.Ne5  1/2-1/2

[Event "ch-BLR"]
[Site "Minsk BLR"]
[Date "2005.03.16"]
[Round "13"]
[White "Tihonov,J"]
[Black "Azarov,S"]
[Result "1/2-1/2"]
[WhiteElo "2454"]
[BlackElo "2565"]

1.d4 Nf6 2.c4 e6 3.Nf3 b6 4.a3 Bb7 5.Nc3 d5 6.Bg5 Be7 7.cxd5 exd5 8.Qa4+ c6
9.Bxf6 Bxf6 10.g3 O-O 11.Bg2 Nd7 12.O-O Be7 13.Rfd1 f5 14.e3 Bd6 15.Ne1 a5
16.Nd3 Qe7 17.Qc2 Kh8 18.Rac1 Ba6 19.Re1 Bb7  1/2-1/2

[Event "Extraliga CZE 2004-5"]
[Site "Czech Rep CZE"]
[Date "2005.03.20"]
[Round "9"]
[White "Volosin,V"]
[Black "Markos,J"]
[Result "1/2-1/2"]
[WhiteElo "2281"]
[BlackElo "2454"]

1.d4 Nf6 2.Nf3 e6 3.c4 b6 4.a3 Bb7 5.Nc3 Ne4 6.Nxe4 Bxe4 7.e3 Be7 8.Bd3 Bxd3
9.Qxd3 a5 10.e4 d6 11.b3 Nd7 12.O-O O-O 13.Bb2 Qc8 14.b4 axb4 15.axb4 d5
16.cxd5 exd5 17.e5 Rd8 18.b5 Nf8 19.Nd2 Rxa1 20.Rxa1 Qg4 21.Nf1 Bg5 22.f3 Qh4
23.g3 Qh3 24.Qc2 Ne6 25.f4 Bh6 26.Qc6 g5 27.Ra8 Rxa8 28.Qxa8+ Kg7 29.Qxd5 gxf4
30.Qg2 Qxg2+ 31.Kxg2 Kg6 32.Kf3 fxg3 33.Nxg3 Bg7 34.h4 h5 35.Ke4 Bf8 36.Nf5 Bb4
37.Bc1 f6 38.Be3 fxe5 39.Kxe5 Nd8 40.Ke4 Ne6 41.Bf2 Nd8 42.Bg3 c6 43.bxc6 Nxc6
44.d5 Ne7 45.Nxe7+ Bxe7 46.d6 Bd8 47.Ke5 Kf7 48.Kd5 b5 49.Be1 b4 50.Bxb4 Bxh4
51.Ba5 Be7 52.dxe7 Kxe7  1/2-1/2

[Event "Ettinger It"]
[Site "Givataim ISR"]
[Date "2005.03.20"]
[Round "1"]
[White "Lerner,K"]
[Black "Gerzhoy,L"]
[Result "1-0"]
[WhiteElo "2523"]
[BlackElo "2381"]

1.d4 Nf6 2.c4 e6 3.Nf3 b6 4.a3 Bb7 5.Nc3 d5 6.cxd5 Nxd5 7.Qc2 Nxc3 8.Qxc3 Nd7
9.Bg5 Be7 10.Bxe7 Kxe7 11.g3 Nf6 12.Bg2 Rc8 13.b4 Qd6 14.O-O Rhd8 15.Ne5 Bxg2
16.Kxg2 c5 17.dxc5 bxc5 18.Rfc1 Nd5 19.Qb2 cxb4 20.axb4 Rxc1 21.Rxc1 Kf8
22.b5 Ne7 23.Ra1 Qd5+ 24.f3 f6 25.Nd3 Nf5 26.Nf4 Qd7 27.Qa3+ Kg8 28.Qc5 e5
29.Nd3 Rb8 30.Rxa7 Qxb5 31.Qc7 Qe8 32.g4 Rc8 33.Qb7 Ne3+ 34.Kf2 Nd1+ 35.Ke1  1-0

[Event "ch-EU"]
[Site "Cork IRL"]
[Date "2005.03.23"]
[Round "2"]
[White "Short,P"]
[Black "Berzinsh,R"]
[Result "0-1"]
[WhiteElo "2312"]
[BlackElo "2454"]

1.d4 Nf6 2.Nf3 e6 3.c4 b6 4.a3 Ba6 5.Qc2 Bb7 6.Nc3 c5 7.dxc5 bxc5 8.e4 Nc6
9.Bd3 Qb8 10.h3 Be7 11.Be3 h6 12.Rd1 g5 13.Qd2 a6 14.Bc2 d6 15.O-O Qc7 16.Ba4 Kf8
17.Bc2 Rd8 18.b3 Nh5 19.Ne2 e5 20.Nc3 Nf4 21.Nd5 Qc8 22.Kh2 h5 23.Ng1 h4
24.f3 a5 25.Ne2 Qe6 26.Rb1 Rb8 27.Rfd1 Bc8 28.Ng1 Rh6 29.Rb2 Bd8 30.Rdb1 Kg8
31.Qf2 Ba6 32.Bd2 Nd4 33.Bc3 Nc6 34.Ne3 Rg6 35.Nd5 Kf8 36.Qd2 Kg8 37.Qf2 Kh7
38.Qd2 Qe8 39.Ne3 Qe6 40.Nd5 Kg8 41.Ne3 Qe7 42.Bd1 Re6 43.Bc2 Qa7 44.Ne2 Nd4
45.Ng1 Bc8 46.Bd1 Re7 47.b4 cxb4 48.axb4 axb4 49.Bxd4 Qxd4 50.Qxd4 exd4 51.Nc2 d3
52.Nd4 Rc7 53.Rxb4 Rxb4 54.Rxb4 Bf6 55.Nb5 Rb7 56.g3 hxg3+ 57.Kxg3 Be6 58.Bb3 Bd4  0-1

[Event "Technomont Cup"]
[Site "Frydek Mistek CZE"]
[Date "2005.03.25"]
[Round "4"]
[White "Bandza,A"]
[Black "Vesselovsky,S"]
[Result "1/2-1/2"]
[WhiteElo "2383"]
[BlackElo "2400"]

1.d4 Nf6 2.c4 e6 3.Nf3 b6 4.a3 c5 5.d5 Ba6 6.Qc2 exd5 7.cxd5 g6 8.Nc3 Bg7
9.g3 O-O 10.Bg2 d6 11.O-O Re8 12.Re1 b5 13.e4 Nbd7 14.Bf4 Qb6 15.e5 dxe5
16.Nxe5 Nxe5 17.Bxe5 Bb7 18.Rad1 Rad8 19.b4 cxb4 20.axb4 Rc8 21.Bh3 Rcd8
22.Qd2 Ne4 23.Rxe4 Rxe5 24.Rxe5 Bxe5 25.Bg2 a5 26.Ne4 a4 27.Nc5 Bc8 28.Qd3 Bf5
29.Be4 Bh3 30.Bg2 Bf5 31.Be4  1/2-1/2

[Event "ch-DEN KO"]
[Site "Koege DEN"]
[Date "2005.03.28"]
[Round "4.3"]
[White "Hansen,Cu"]
[Black "Hansen,SuB"]
[Result "1/2-1/2"]
[WhiteElo "2633"]
[BlackElo "2553"]

1.d4 Nf6 2.c4 e6 3.Nf3 b6 4.a3 Ba6 5.Qc2 Bb7 6.Nc3 c5 7.e4 cxd4 8.Nxd4 Nc6
9.Nxc6 Bxc6 10.Bf4 Bc5 11.Be2 O-O 12.Rd1 a5 13.Bg3 Ne8 14.O-O Qg5 15.Na4 Nf6
16.Nxc5 bxc5 17.f3 Nh5 18.Bd6 Nf4 19.Bd3 Nxd3 20.Bxf8 Nxb2 21.Qxb2 Rxf8 22.Qc3 a4
23.Rb1 h5 24.Rb2 Qf4 25.Rfb1 Kh7 26.e5 g5 27.Re1 Rg8 28.Qe3 Qxc4 29.Rc1 Qd4
30.Qxd4 cxd4 31.Rc4 Kg6 32.Rxd4 Kf5 33.Re2 Rb8 34.g4+ Kg6 35.Rb4 Ra8 36.Kf2 hxg4
37.fxg4 Ra5 38.Kg3 Rc5 39.Re3 Rc1 40.h3 Rg1+ 41.Kf2  1/2-1/2

[Event "Spring Open"]
[Site "Belgrade SCG"]
[Date "2005.03.29"]
[Round "5"]
[White "Stamenkovic,A"]
[Black "Damjanovic,B"]
[Result "1-0"]
[WhiteElo "2272"]
[BlackElo "2097"]

1.d4 Nf6 2.c4 e6 3.Nf3 b6 4.a3 Bb7 5.Nc3 d5 6.cxd5 Nxd5 7.Qc2 Nxc3 8.bxc3 Nd7
9.e4 c5 10.Bd3 Qc8 11.Qa4 a6 12.Bd2 Qc6 13.Qd1 Bd6 14.O-O e5 15.d5 Qc7 16.c4 Be7
17.Ng5 Qd6 18.f4 Bf6 19.Rb1 h6 20.Nh3 O-O-O 21.f5 g5 22.fxg6 fxg6 23.Qg4 Kc7
24.Qxg6 Qe7 25.Be2 Rdg8 26.Qf5 Bc8 27.Qe6 Qg7 28.Bf3 Bb7 29.Rb2 Re8 30.Qg4 Qe7
31.Qf5 Ref8 32.Bg4 Bg5 33.Bxg5 hxg5 34.Qxd7+ Qxd7 35.Bxd7 Kxd7 36.Rxf8 Rxf8
37.Nxg5  1-0

[Event "ch-EU"]
[Site "Cork IRL"]
[Date "2005.03.31"]
[Round "10"]
[White "Cmilyte,V"]
[Black "Kallio,H"]
[Result "1/2-1/2"]
[WhiteElo "2468"]
[BlackElo "2469"]

1.d4 Nf6 2.c4 e6 3.Nf3 b6 4.a3 Bb7 5.Nc3 Ne4 6.Nxe4 Bxe4 7.Nd2 Bb7 8.e4 Qf6
9.d5 Bc5 10.Qf3 Qxf3 11.Nxf3 a5 12.Bd3 d6 13.dxe6 fxe6  1/2-1/2

[Event "ch-RUS w 1st League"]
[Site "Samara RUS"]
[Date "2005.03.31"]
[Round "9"]
[White "Rakitskaja,M"]
[Black "Strelnikova,E"]
[Result "1-0"]
[WhiteElo "2220"]
[BlackElo "2124"]

1.Nf3 Nf6 2.d4 e6 3.c4 b6 4.a3 Bb7 5.Nc3 Be7 6.d5 exd5 7.cxd5 d6 8.e4 Nbd7
9.Bd3 O-O 10.O-O Ng4 11.Nd4 Nge5 12.Bc2 c5 13.dxc6 Nxc6 14.Nf5 Nf6 15.Bg5 Ba6
16.Re1 Ne5 17.Nxe7+ Qxe7 18.Nd5 Qd8 19.f4 Ng6 20.Qd4 Qc8 21.Nxf6+ gxf6 22.Qxf6 Qe6
23.f5 Qxf6 24.Bxf6 Ne5 25.Rad1 Rfc8 26.Bb3 Nd3 27.Re3 Nxb2 28.Bxb2 Bc4 29.Rxd6 Bxb3
30.Rxb3 Rc2 31.Bf6 Kf8 32.Rbd3 Rcc8 33.Rd7 a6 34.e5 Re8 35.Re3 Rac8 36.e6 fxe6
37.fxe6  1-0

[Event "7th UI&UL GM"]
[Site "Dhaka BAN"]
[Date "2005.04.08"]
[Round "5"]
[White "Ahmed,Mai"]
[Black "Uddin,S"]
[Result "1-0"]
[WhiteElo "2222"]
[BlackElo "2205"]

1.d4 Nf6 2.c4 e6 3.Nf3 b6 4.a3 Bb7 5.Nc3 d5 6.Qc2 Be7 7.cxd5 Nxd5 8.e4 Nxc3
9.bxc3 O-O 10.Bd3 Nd7 11.O-O c5 12.Rd1 Qc7 13.Qe2 Rfd8 14.d5 exd5 15.exd5 Bf6
16.Bg5 Re8 17.Qc2 h6 18.Bxf6 Nxf6 19.c4 Rad8 20.a4 Qf4 21.Re1 Bc8 22.Qd2 Qd6
23.h3 Kf8 24.Nh4 Rxe1+ 25.Rxe1 Re8 26.Rxe8+ Nxe8 27.Qe3 Qe7 28.Qg3 Nd6 29.Nf3 Ba6
30.Ne5 Qg5 31.Ng6+ fxg6 32.Qxd6+ Qe7 33.Qf4+ Qf7 34.Qb8+ Qe8 35.Qxa7 Qe1+
36.Bf1 Bxc4 37.Qb8+ Ke7 38.d6+ Kf7 39.d7 Qxf1+ 40.Kh2 Bd5 41.Qe8+  1-0

[Event "FSIM April"]
[Site "Budapest HUN"]
[Date "2005.04.10"]
[Round "9"]
[White "Brustkern,J"]
[Black "Fodor,T jr"]
[Result "1/2-1/2"]
[WhiteElo "2258"]
[BlackElo "2269"]

1.d4 Nf6 2.c4 e6 3.Nf3 b6 4.a3 Ba6 5.Qc2 Bb7 6.Nc3 c5 7.e4 cxd4 8.Nxd4 Bc5
9.Nb3 Nc6 10.Bg5 O-O 11.Bd3 Be7 12.O-O h6 13.Bh4 Ne5 14.Be2 Rc8 15.Nd2 d5
16.exd5  1/2-1/2

[Event "7th UI&UL GM"]
[Site "Dhaka BAN"]
[Date "2005.04.10"]
[Round "7"]
[White "Sriram,J"]
[Black "Sangma,R"]
[Result "1-0"]
[WhiteElo "2445"]
[BlackElo "2311"]

1.d4 Nf6 2.c4 e6 3.Nf3 b6 4.a3 Bb7 5.Nc3 Be7 6.d5 exd5 7.cxd5 O-O 8.e4 d6
9.Bd3 Nbd7 10.O-O Ne5 11.Bc2 Nxf3+ 12.Qxf3 Nd7 13.Qh3 g6 14.Bh6 Re8 15.f4 Bf6
16.Rae1 Nc5 17.b4 Nd7 18.Qf3 Qe7 19.Ba4 Ba6 20.Bb5 Bxb5 21.Nxb5 Nf8 22.e5 Qd7
23.Nxc7 Qxc7 24.exf6 Nd7 25.Bg5 Qc2 26.Rxe8+ Rxe8 27.Qh3 Qf5 28.Qxf5 gxf5
29.Rc1 h6 30.Bh4 Nf8 31.Rc7 a5 32.Rc6 Re3 33.Rxd6 Rxa3 34.Rxb6 axb4 35.Rxb4 Rd3
36.Rb8 Rd1+ 37.Kf2 Rxd5 38.Ke3 Rd1 39.Ke2 Rg1 40.Kf3 Rc1 41.Bf2 h5 42.Rd8 h4
43.Ke2 Rb1 44.Bxh4 Rb2+ 45.Kf1 Rb1+ 46.Be1 Ra1 47.Kf2 Rb1 48.Bd2 Rb2 49.Ke3 Rb3+
50.Ke2 Rb2 51.Kd1 Rb1+ 52.Bc1 Ra1 53.Kc2 Ra6 54.Bb2 Re6 55.Ba3 Re2+ 56.Kd3 Ra2
57.Rxf8+ Kh7 58.Rxf7+ Kg6 59.Ra7  1-0

[Event "ch-RUS u18"]
[Site "Nojabrsk RUS"]
[Date "2005.04.11"]
[Round "6"]
[White "Vitiugov,N"]
[Black "Zacurdajev,M"]
[Result "1-0"]
[WhiteElo "2482"]
[BlackElo "2314"]

1.d4 e6 2.Nf3 Nf6 3.c4 b6 4.a3 Bb7 5.Nc3 d5 6.Bg5 Be7 7.Qa4+ Bc6 8.Qb3 dxc4
9.Qxc4 Nd5 10.Bxe7 Qxe7 11.Rc1 Nxc3 12.Qxc3 f6 13.g3 O-O 14.Bh3 Rc8 15.O-O Bb7
16.Qe3 Bd5 17.Ne1 Nd7 18.Nd3 Nf8 19.Nf4 c6 20.Rc3 Qd7 21.Rfc1 Rab8 22.f3 a5
23.b3 g5 24.Nd3 Qe7 25.b4 Nd7 26.Qd2 f5 27.Nf2 axb4 28.axb4 b5 29.e4 fxe4
30.fxe4 Bc4 31.Ra3 Ra8 32.Rca1 Nb6 33.Rxa8 Nxa8 34.e5 Bd5  1-0

[Event "1st ch-SCG"]
[Site "Kopaonik SCG"]
[Date "2005.04.12"]
[Round "10"]
[White "Kosic,D"]
[Black "Pikula,D"]
[Result "0-1"]
[WhiteElo "2515"]
[BlackElo "2485"]

1.d4 Nf6 2.c4 e6 3.Nf3 b6 4.a3 Ba6 5.Qc2 Bb7 6.Nc3 c5 7.e4 cxd4 8.Nxd4 Bc5
9.Nb3 Nc6 10.Bd3 a6 11.Bg5 Nd4 12.Nxd4 Bxd4 13.O-O-O O-O 14.Kb1 Qb8 15.Bh4 Rc8
16.Bg3 Be5 17.Qe2 b5 18.cxb5 axb5 19.Nxb5 Ra4 20.f3 Bc6 21.Rc1 Ra5 22.Rc2 g6
23.Bxe5 Qxe5 24.g3 Rb8 25.f4 Qh5 26.Qxh5 gxh5 27.Nd6 Rxa3 28.Rd2 Ra4 29.Re1 Kf8
30.e5 Nd5 31.Bxh7 Kg7 32.Bd3 Rd4 33.Kc1 Ra4 34.Kb1 Rba8 35.Re4 Nc3+ 36.bxc3 Ra1+
37.Kc2 R8a2+  0-1

[Event "ch-RUS u18"]
[Site "Nojabrsk RUS"]
[Date "2005.04.14"]
[Round "9"]
[White "Vitiugov,N"]
[Black "Lysyj,I"]
[Result "1-0"]
[WhiteElo "2482"]
[BlackElo "2498"]

1.d4 Nf6 2.c4 e6 3.Nf3 b6 4.a3 c5 5.d5 Ba6 6.Qc2 exd5 7.cxd5 g6 8.Nc3 Bg7
9.g3 O-O 10.Bg2 d6 11.O-O Re8 12.Re1 Nbd7 13.Bf4 Qe7 14.Qa4 Bb7 15.Nb5 Ne4
16.Nd2 Nxd2 17.Bxd2 Bxb2 18.Rad1  1-0

[Event "Heroes of Chernobyl Mem"]
[Site "Slavutich UKR"]
[Date "2005.04.16"]
[Round "3"]
[White "Tuka,O"]
[Black "Savinov,Vl"]
[Result "1/2-1/2"]
[WhiteElo "2400"]
[BlackElo "2407"]

1.d4 Nf6 2.Nf3 e6 3.c4 b6 4.a3 Bb7 5.Nc3 d5 6.cxd5 Nxd5 7.Qa4+ Nd7 8.Nxd5 Bxd5
9.Bg5 Be7 10.Bxe7 Qxe7 11.Rc1 Qd6 12.Ne5 a6 13.Qxd7+ Qxd7 14.Nxd7 Kxd7 15.f3 Rhc8
16.e4 Bb7 17.Bd3 c5 18.dxc5 Rxc5 19.Rxc5 bxc5 20.Ke2 e5 21.Rc1 Kd6 22.Rd1 Ke7
23.Rc1 Rc8 24.b3 g5 25.Ke3 h5 26.Rc2 h4 27.Rc1 Kd6 28.Rd1 Ke7 29.Rc1 Kd6
30.Rd1 Ke7 31.Rc1  1/2-1/2

[Event "Open"]
[Site "Metz FRA"]
[Date "2005.04.19"]
[Round "4"]
[White "Labarthe,A"]
[Black "Bruned,Y"]
[Result "0-1"]
[WhiteElo "2034"]
[BlackElo "2316"]

1.d4 Nf6 2.c4 e6 3.Nf3 b6 4.a3 Ba6 5.Nbd2 d5 6.e3 Bd6 7.b4 c5 8.dxc5 bxc5
9.b5 Bb7 10.Bb2 O-O 11.Ne5 Nbd7 12.f4 Bc7 13.Be2 Nxe5 14.fxe5 Nd7 15.Nf3 dxc4
16.O-O Bxf3 17.Bxf3 Rb8 18.Be4 g6 19.Qa4 Bxe5 20.Bxe5 Nxe5 21.Qxa7 Rxb5 22.a4 Ra5
23.Qb7 f5 24.Bc6 Nxc6 25.Qxc6 Qc8 26.Qb6 Ra6 27.Qb5 Qc6 28.Qxc4 Rfa8 29.Rfd1 Rxa4
30.Rxa4 Rxa4 31.Rd8+ Kf7 32.Qd3 Ra1+ 33.Kf2 Ra2+ 34.Ke1 Qxg2 35.Qd7+ Kf6
36.Rf8+ Kg5 37.Rxf5+ exf5  0-1

[Event "Open"]
[Site "Metz FRA"]
[Date "2005.04.19"]
[Round "4"]
[White "Szymanski,M"]
[Black "Shchekachev,A"]
[Result "1/2-1/2"]
[WhiteElo "2422"]
[BlackElo "2526"]

1.d4 Nf6 2.c4 e6 3.Nf3 b6 4.a3 Bb7 5.Nc3 d5 6.cxd5 Nxd5 7.Qc2 Nxc3 8.Qxc3 h6
9.e3 Be7 10.Bb5+ c6 11.Be2 Nd7 12.O-O O-O 13.b4 c5 14.Bb2 cxb4 15.axb4 a6
16.Rfc1 b5 17.Ne1 Rc8 18.Qd2 Rxc1 19.Rxc1 Be4 20.Nd3 Bxd3 21.Bxd3 Nb6 22.Rc6 Nd5
23.Rxa6 Nxb4 24.Ra7 Nxd3 25.Qxd3 b4 26.Qb5 Bd6 27.Rd7 Qb8 28.Qxb8 Bxb8 29.Bc1 Rc8
30.Bd2 Rc2 31.Rd8+ Kh7 32.Rxb8 Rxd2 33.g3  1/2-1/2

[Event "GMA"]
[Site "Gausdal NOR"]
[Date "2005.04.21"]
[Round "9"]
[White "Vidoniak,R"]
[Black "Bogner,S"]
[Result "1/2-1/2"]
[WhiteElo "2417"]
[BlackElo "2409"]

1.d4 Nf6 2.c4 e6 3.Nf3 b6 4.a3 Bb7 5.Nc3 d5 6.Bg5 Be7 7.Qa4+ Qd7 8.Qxd7+ Nbxd7
9.Nb5 Kd8 10.cxd5 Nxd5 11.e4 N5f6 12.Bf4 Ne8 13.Bd3 c6 14.Nc3 h6 15.O-O-O Bd6
16.Bxd6 Nxd6 17.e5 Ne8 18.Ne4 Ke7 19.Rhe1 Rc8 20.Kb1 c5 21.dxc5 Nxc5 22.Nxc5 Rxc5
23.Rc1 Rxc1+ 24.Rxc1 Bxf3 25.gxf3 Kd8 26.Ba6 Nc7 27.Bb7 Kd7 28.Rd1+ Ke7 29.Rc1 Kd7
30.Rd1+ Ke7 31.Rc1 Kd8 32.Rd1+ Ke8  1/2-1/2

[Event "Open"]
[Site "Metz FRA"]
[Date "2005.04.21"]
[Round "6"]
[White "Szymanski,M"]
[Black "Kengis,E"]
[Result "1/2-1/2"]
[WhiteElo "2422"]
[BlackElo "2537"]

1.d4 Nf6 2.c4 e6 3.Nf3 b6 4.a3 Ba6 5.Qc2 Bb7 6.Nc3 c5 7.e4 cxd4 8.Nxd4 Nc6
9.Nxc6 Bxc6 10.Qe2 d6 11.g3 Be7 12.Bg2 O-O 13.O-O Nd7 14.Bf4 Ne5 15.Rfd1 Qb8
16.Be3 a6 17.f4 Nd7 18.e5 Bxg2 19.Qxg2 Ra7 20.exd6 Bxd6 21.Qc6 Bc5 22.Bxc5 Nxc5
23.b4 Rc7 24.Qd6 Nd7 25.Rd4 Qc8 26.Ne2 Nf6 27.Rc1 Qb7 28.Rcd1 Rd7 29.Qe5 Rxd4
30.Qxd4 h5 31.Rd3 Rc8 32.Nc3 Qc6 33.b5 axb5 34.cxb5 Qb7 35.a4 Rc7 36.Qb4 Kh7
37.Qb1 g6 38.Qb4 Rd7 39.Qc4 Kg7 40.h3 Qc7 41.Qxc7 Rxc7 42.Kg2 Rc4 43.Kf3 Kf8
44.a5 bxa5 45.b6 Rb4 46.Ne4 Ke7 47.Ra3 Nd7 48.h4 f6 49.Kg2 e5 50.Nc3 Rb2+
51.Kf3 Nxb6 52.fxe5 Nc4 53.exf6+ Kf7 54.Ra4 Rb4 55.Ra1 Rb3 56.Rc1 Kxf6 57.Kf4 Ke6
58.Ne4 Rb4 59.Nc5+ Kd5 60.Nd3 Rb3 61.Rd1 Kc6 62.Kg5 a4 63.g4 hxg4 64.Nf4 Ne3
65.Rc1+ Kd6 66.Kxg6 Ke5 67.Kg5 Ke4 68.Ne6 Rb5+ 69.Kg6 Rb6 70.Kf7 g3 71.h5 g2
72.h6 Rb7+ 73.Kg6 Rb6 74.Kf7 Rb7+ 75.Kg6 Rb6 76.Kf7  1/2-1/2

[Event "Open"]
[Site "Metz FRA"]
[Date "2005.04.22"]
[Round "7"]
[White "Dziuba,M"]
[Black "Spraggett,K"]
[Result "1/2-1/2"]
[WhiteElo "2429"]
[BlackElo "2585"]

1.d4 Nf6 2.c4 e6 3.Nf3 b6 4.a3 Bb7 5.Nc3 d5 6.cxd5 exd5 7.Bf4 Bd6 8.Bxd6 Qxd6
9.Rc1 a6 10.e3 Nbd7 11.Be2 O-O 12.O-O c5 13.dxc5 bxc5 14.Qa4 Bc6 15.Qc2 Rfc8
16.Rfd1 Qe7 17.h3 g6 18.Rd2 Nb6 19.b3 a5 20.a4 Bb7 21.Qb2 Rab8 22.Rdc2 Nbd7
23.Nb5 Ne4 24.Nd2 Ng5 25.Nf3 Ne4 26.Nd2 Nef6 27.Nf3 Ra8 28.Ne1 Ne4 29.Nd3 Ra6  1/2-1/2

[Event "7th Rector Cup w"]
[Site "Kharkiv UKR"]
[Date "2005.04.28"]
[Round "9"]
[White "Dvoretska,O"]
[Black "Karlovich,A"]
[Result "1/2-1/2"]
[WhiteElo "2166"]
[BlackElo "2225"]

1.d4 Nf6 2.c4 e6 3.Nf3 b6 4.a3 Ba6 5.Qc2 Bb7 6.Nc3 c5 7.e4 cxd4 8.Nxd4 d6
9.Be2 Be7 10.O-O Nbd7 11.f4 a6 12.Be3 Rc8 13.Rad1 Qc7 14.Rfe1 O-O 15.Bf2 Rfe8
16.g4 e5 17.Nf5 exf4 18.g5 f3 19.gxf6 fxe2 20.Rxe2 Nxf6 21.Bd4 Nh5 22.Rg2 Bf8  1/2-1/2

[Event "23rd Liechtenstein Open"]
[Site "Triesen LIE"]
[Date "2005.04.29"]
[Round "1"]
[White "Siebrecht,S"]
[Black "Boegli,U"]
[Result "0-1"]
[WhiteElo "2438"]
[BlackElo "2034"]

1.d4 Nf6 2.Nf3 e6 3.c4 b6 4.a3 Bb7 5.Nc3 d5 6.Bg5 Be7 7.e3 Nbd7 8.Rc1 c5
9.cxd5 exd5 10.Bd3 h6 11.Bh4 O-O 12.O-O Ne4 13.Bxe7 Qxe7 14.dxc5 Ndxc5 15.Ne2 Rfd8
16.Ned4 Nxd3 17.Qxd3 Nc5 18.Qf5 Rac8 19.b4 Ne4 20.Ne5 Nd6 21.Qh5 Nc4 22.Ng4 Qg5
23.Qxg5 hxg5 24.a4 a6 25.Rc2 Re8 26.Rfc1 Nb2 27.Nf5 Rxc2 28.Rxc2 Nc4 29.Nd4 f5
30.Nxf5 Bc8 31.Nfh6+ Kf8 32.e4 Rxe4 33.f3 Re7 34.b5 gxh6 35.Nxh6 Rh7 36.Ng4 Bxg4
37.fxg4 axb5 38.axb5 Ke7 39.h3 Kd6 40.Rf2 Kc5 41.Rf5 Rg7 42.g3 Nd6 43.Re5 Nxb5
44.Kg2 Nc3 45.Kf3 b5 46.h4 gxh4 47.gxh4 Ne4 48.h5 b4 49.h6 Rh7 50.Rh5 b3
51.Rh2 Kd4  0-1

[Event "SME Open"]
[Site "Ostrava CZE"]
[Date "2005.04.30"]
[Round "1"]
[White "Kozak,Mi"]
[Black "Chlevistan,J"]
[Result "1/2-1/2"]
[WhiteElo "2257"]
[BlackElo "2068"]

1.d4 Nf6 2.c4 e6 3.Nf3 b6 4.a3 d5 5.cxd5 exd5 6.Nc3 Be7 7.Bf4 O-O 8.e3 c6
9.Ne5 Nfd7 10.Bd3 Nxe5 11.dxe5 Nd7 12.Qc2 Kh8 13.b4 f6 14.e6 Ne5 15.Bxh7 Bxe6
16.O-O Qe8 17.Bf5 Qd7 18.Bxe6 Qxe6 19.Ne2 c5 20.b5 Rfd8 21.Rfd1 Rac8 22.Qb3 Nc4
23.Rac1 Na5 24.Qa2 Qg8 25.h4 d4 26.Qxg8+ Kxg8 27.exd4 Nb3 28.Rc4 Nxd4 29.Nxd4 cxd4
30.Rxc8 Rxc8 31.Rxd4 Bxa3 32.Ra4 Bc1 33.Bg3 Rc5 34.Rb4 Bd2 35.Rb1 Kf7 36.Bb8 Ba5
37.Bxa7 Rc8 38.Ra1 Rc5 39.Rb1 Rc8  1/2-1/2

[Event "Open A"]
[Site "Djakovo CRO"]
[Date "2005.05.01"]
[Round "1"]
[White "Kozul,Z"]
[Black "Jovanic,O"]
[Result "1-0"]
[WhiteElo "2591"]
[BlackElo "2435"]

1.d4 Nf6 2.Nf3 e6 3.c4 b6 4.a3 Ba6 5.e3 d5 6.b3 Be7 7.Bb2 O-O 8.Bd3 Nbd7
9.O-O Bb7 10.Nc3 c5 11.cxd5 exd5 12.Qe2 Rc8 13.Rfd1 Re8 14.Rac1 Bd6 15.Ba6 Qc7
16.b4 Bxa6 17.Qxa6 c4 18.Nb5 Qc6 19.Ne5 Bxe5 20.dxe5 Nb8 21.Nxa7 Nxa6 22.Nxc6 Rxc6
23.b5 Rc5 24.bxa6 Ng4 25.a7 Ra5 26.h3 Nxe5 27.Bxe5 Rxe5 28.Rxc4 Re8 29.Rc7 Kf8
30.Rb7 Re7 31.Rxd5 Rxb7 32.Rxa5  1-0